Znamínko na duši /

Main Author: Ruml, Jiří, 1925-2004
Language: Czech
Published: Praha : Evropský kulturní klub, 1990
Edition: Vyd. 1.
Online Access: Digitalizovaný dokument
Physical Description: 2 sv. (93, 91 s.) ; 20 cm
Subscribed volumes: 1-2
Book
Saved in:
LEADER 01718nam a22004932a 4500
001 001900065
003 CZ BrMZK
005 20240621202637.0
007 ta
008 240621s1990 xr er|||||||||||cze d
015 |a cnb000533941 
020 |a 80-85212-01-3  |q (brož.) 
035 |a (OCoLC)28927441 
040 |a BOA001  |b cze  |e aacr2 
043 |a e-xr--- 
045 |a x-x- 
072 7 |a 821.162.3-3  |x Česká próza  |2 Konspekt  |9 25 
080 |a 821.162.3-3  |2 MRF 
080 |a 929  |2 MRF 
080 |a 070.42  |2 MRF 
080 |a 159.922.73  |2 MRF 
080 |a (437.3)  |2 MRF 
080 |a (0:82-94)  |2 MRF 
100 1 |a Ruml, Jiří,  |d 1925-2004  |7 jk01103056  |4 aut 
245 1 0 |a Znamínko na duši /  |c Jiří Ruml 
250 |a Vyd. 1. 
260 |a Praha :  |b Evropský kulturní klub,  |c 1990 
300 |a 2 sv. (93, 91 s.) ;  |c 20 cm 
500 |a 7000 výt. 
500 |a Vydáno k výstavě Kde domov můj? 
600 1 7 |a Ruml, Jiří,  |d 1925-2004  |7 jk01103056  |2 czenas 
648 7 |a 20. století  |7 ch460558  |2 czenas 
650 0 7 |a dětství  |7 ph119742  |2 czenas 
650 0 7 |a novináři  |7 ph123339  |z Česko  |y 20. století  |2 czenas 
655 7 |a autobiografické vzpomínky  |7 fd131854  |2 czenas 
655 7 |a české prózy  |7 fd133972  |2 czenas 
856 4 1 |u http://www.digitalniknihovna.cz/mzk/uuid/uuid:14d7553c-e805-4abd-981e-84868517a512  |y Digitalizovaný dokument  |x NDK 
910 |a BOA001  |b 1-0963.308  |s 1-2 
920 |a 000484053 
920 |a 000484056 
990 |a BK 
991 |b 202406 
996 6 |b 2619606207  |c 1-0963.308  |d 2.  |v 2  |l MZK  |r Sklad / do 1 hodiny  |n 0  |w 001968619  |u 000030  |a 1  |e BOA001  |j MZK50  |s P 
996 6 |b 2619606208  |c 1-0963.308  |d 1.  |v 1  |l MZK  |r Sklad / do 1 hodiny  |n 0  |w 001968619  |u 000020  |a 1  |e BOA001  |j MZK50  |s P